Basta una lettera #1 - Statistics

Statistiche generali
  • Questo quiz è stato fatto 151 volte
    140 dall'ultimo reset
  • Il punteggio medio è 11 su 15
Statistiche sulle risposte
Quesito Soluzione % Corretto
A volte è confusa con lo zero O
100%
La Serie di calcio più importante A
99%
Così è detta l'inversione in auto U
96%
Il Mister la cui identità è ancora ignota X
93%
La vitamina detta anche acido ascorbico C
91%
Il punto più...erotico! G
91%
Rende santo il canto S
83%
Altro nome della bomba 'all'idrogeno' H
72%
Significa anche 'viva' W
63%
Il simbolo dell'elemento chimico del potassio K
59%
Il 'Day' dello sbarco in Normandia della seconda guerra mondiale D
58%
La generazione dei Millennials Y
58%
Il capo di James Bond M
56%
La 'Formula' campionato automobilistico per auto elettriche E
51%
L'incrocio con tre bracci T
44%
Nessun quiz corrispondente trovato
Distribuzione punteggi
Percentuale di utenti per punteggio
Percentile per numero di risposta
I tuoi punteggi nel tempo
Non hai fatto questo quiz dall'ultimo reset